000 01339nam a2200313 i 4500
003 EG-GICUC
005 20260221104404.0
008 260115s1966 ua |||fr|||| 00| 0 ara d
040 _a EG-GICUC
_bara
_c EG-GICUC
_d EG-GICUC
_erda
041 0 _aAra
082 0 4 _221
_a343.7
_bم ح . ع
092 0 4 _221
099 _aLaw1 10 343.7 م ح . ع 1966
100 0 _aمحمود نجيب حسنى
_eمؤلف.
245 1 0 _aعلم العقاب :
_bدراسة للنظريات العقابية الحديثة فى معاملة المحكوم عليهم وشرح وتأصيل للقانون رقم 396 لسنة 1956 فى شأن تنظيم السجون /
_cتأليف الدكتور محمود نجيب حسنى.
264 1 _aالقاهرة :
_bدار النهضة العربية،
_c1966.
300 _a706 صفحة؛
_c24 سم.
_bإيضاحيات، صور، مثيليات ؛
336 _2rda content
_atext
337 _2rda media
_aComputer
338 _2rda carrier
_aOnline Resource
504 _a. 240-220 ببليوجرافيا: صفحات.
546 _aالنص باللغة العربية
650 1 _aعلم العقاب
_2qrmak
650 1 _aالقانون الجنائى
_2qrmak
651 1 _2qrmak
856 4 0 _uhttps://fll.law.cu.edu.eg/fulltext/bks/B10-07815.pdf
905 _a54
_eYara
942 _2ddc
_cBK
_e21
_n0
999 _c57264
_d57264